MESTSKÁ KNIŽNICA GIRALTOVCE  - online katalóg 

Francúzština pre samoukov (Record no. 19189)

000 -NÁVESTIE
fixed length control field 00420nam a2200157 a 4500
008 - ÚDAJE S PEVNOU DĹŽKOU – VŠEOBECNÉ INFORMÁCIE
fixed length control field 960513s1976||||[C 0 slo c
040 ## - ZDROJ KATALOGIZÁCIE
Pôvodná katalogizujúca agentúra SNK
Jazyk katalogizácie slo
Prepisujúca agentúra SNK
Konvencie popisu AACR2
041 1# - KÓD JAZYKA
Kód jazyka textu/zvukovej stopy alebo samostatných nápisov slo
020 ## - MEDZINÁRODNÉ ŠTANDARDNÉ ČÍSLO KNIHY (ISBN)
Údaje o dostupnosti 10
044 ## - KÓD KRAJINY VYDAVATEĽA/PRODUCENTA
Kód krajiny MARC xo
Kód krajiny ISO SK
100 1# - OSOBNÉ MENÁ – VŠEOBECNÉ INFORMÁCIE
Kód roly aut
245 10 - NÁZOV
Názov Francúzština pre samoukov
Médium Audiozáznam
Údaj o zodpovednosti atď. Miroslav Pravda, Marie Pravdová
260 ## - VYDAVATEĽSKÉ ÚDAJE, DISTRIBÚCIA ATĎ.
Miesto publikovania, distribúcie atď. Bratislava
Dátum publikovania, distribúcie atď. 1976
Názov vydavateľa, distibútora atď. Artprogres
700 1# - PRIDANÝ VSTUP – OSOBNÉ MENO
Osobné meno Pravdová, Marie
Kód roly aut
958 ## - Formálny deskriptor
Formálny deskriptor J
Holdings
Stav stiahnutia (Blokovanie) (Withrawn status) Stav straty Stav poškodenia (Damaged status) Nie pre výpožičky (Not for loan) Spôsob nadobudnutia (Collection code) Trvalé umiestnenie Aktuálne umiestnenie Dátum nadobudnutia Náklady, bežná kúpna cena Inventárne číslo (prírastkové číslo) Full call number Dátum posledného výskytu Cena s účinnosťou od Typ jednotky Koha
        Kúpa Mestská knižnica Giraltovce Mestská knižnica Giraltovce 2019-11-29 10.00 17742 I 1399 2019-11-29 2019-11-29 Odborná literatúra pre dospelých

Powered by Koha